مكتبة جامعة عجلون الوطنية

فهرس بحث المكتبة

Normal view MARC view
  • منطق -- الاعمال حتى 1800 -منطق -- مصطلحات 

Entry Topical Term

Number of records used in: 1

001 - CONTROL NUMBER

  • control field: 9869

003 - CONTROL NUMBER IDENTIFIER

  • control field: JO-AjAnu

005 - DATE AND TIME OF LATEST TRANSACTION

  • control field: 20230606071903.0

008 - FIXED-LENGTH DATA ELEMENTS

  • fixed length control field: 230606|| aca||aabn | a|a d

040 ## - CATALOGING SOURCE

  • Original cataloging agency: JO-AjAnu
  • Transcribing agency: JO-AjAnu

150 ## - HEADING--TOPICAL TERM

  • Topical term or geographic name entry element: منطق -- الاعمال حتى 1800 -منطق -- مصطلحات 

670 ## - SOURCE DATA FOUND

  • Source citation: Work cat.: (JO-AjAnu)5086: الفارابي،ابو نصر ، مهدي،حسن/تحقيق وتقديم وتعليق , author 9868, كتاب الالفاظ المستعملة في المنطق